000 01579nam a2200301Ia 4500
999 _c35872
_d35872
001 1763
003 GE_BSU
005 20230919170300.0
008 181216s1986||||ge |||||||||||||| ||geo||
040 _cGE_BSU
041 _ageo
080 _a1(479.22)(09) უ–59
100 _aურიდია, ბორის
_919847
245 _aმეოცე საუკუნის ქართული ფილოსოფიის ისტორიიდან /
_cბორის ურიდია; რედ.: გ. შუშანაშვილი, ვ. კალანდარიშვილი.
264 _aთბილისი :
_bგანათლება,
_c1986.
300 _a323 გვ. ;
_b21 სმ.
504 _a ბიბლიოგრ. ტექსტ. შენიშვნ.
541 _h10 ლ.
653 _aნუცუბიძე, შალვა, ფილოსოფოსი
653 _aდანელია, სერგი, ფილოსოფოსი.
653 _aგოგიბერიძე, მოსე, ფილოსოფოსი
653 _aბაქრაძე, კოტე, ფილოსოფოსი
653 _aწერეთელი, სავლე, ფილოსოფოსი.
653 _a ქართული ფილოსოფიის ისტორია
700 _aშუშანაშვილი, გ.
_e რედაქტორი.
_93711
700 _aკალანდარიშვილი, ვ.
_eრედაქტორი
_93604
942 _cBK
_2udc